| 000 | 00489nam a22001937a 4500 | ||
|---|---|---|---|
| 001 | 00028630 | ||
| 005 | 20260325082927.0 | ||
| 008 | 260325b ag ||||| |||| 00| 0 spa d | ||
| 020 | _a9879459180 | ||
| 040 |
_bspa _cAR-CcCEOS |
||
| 080 | _a159.9 | ||
| 090 | _bSUP | ||
| 245 |
_aSuperyó y filiación : _bDestinos de la transmisión / |
||
| 250 | _a1ª ed. | ||
| 260 |
_aArgentino : _bLaborde, _c2001. |
||
| 300 |
_a275 p. ; _c24x15 cm. |
||
| 650 | 0 | _afilosofía | |
| 942 |
_2udc _cBK |
||
| 999 |
_c28662 _d28662 |
||
| 945 |
_a66467 _bMelina Rolando _c66467 _dMelina Rolando |
||